Estudio de las plantas nocivas : (Record no. 204216)
[ view plain ]
| 000 -CABECERA | |
|---|---|
| campo de control de longitud fija | 00809nam a2200289Ia 4500 |
| 001 - NÚMERO DE CONTROL | |
| campo de control | Para_6742 |
| 003 - IDENTIFICADOR DEL NÚMERO DE CONTROL | |
| campo de control | CHAP |
| 008 - DATOS DE LONGITUD FIJA--INFORMACIÓN GENERAL | |
| campo de control de longitud fija | 220125s1984 xx 000 0 und d |
| 010 ## - NÚMERO DE CONTROL DE LA BIBLIOTECA DEL CONGRESO | |
| Número de control de LC | 204216 |
| 040 ## - FUENTE DE LA CATALOGACIÓN | |
| Centro/agencia transcriptor | CHAP |
| 082 ## - NÚMERO DE LA CLASIFICACIÓN DECIMAL DEWEY | |
| Número de clasificación | PA 632.954 K5y |
| 100 ## - ENTRADA PRINCIPAL--NOMBRE DE PERSONA | |
| Nombre de persona | Klingman, Glenn C. |
| 9 (RLIN) | 63466 |
| 245 ## - MENCIÓN DE TÍTULO | |
| Título | Estudio de las plantas nocivas : |
| Resto del título | Principios y prácticas / |
| Mención de responsabilidad, etc. | por Glenn C. Lingman, Floyd M. Ashton |
| 260 ## - PUBLICACIÓN, DISTRIBUCIÓN, ETC. | |
| Lugar de publicación, distribución, etc. | México : |
| Nombre del editor, distribuidor, etc. | Limusa |
| 300 ## - DESCRIPCIÓN FÍSICA | |
| Extensión | 449 p. |
| 650 ## - PUNTO DE ACCESO ADICIONAL DE MATERIA--TÉRMINO DE MATERIA | |
| Término de materia o nombre geográfico como elemento de entrada | Herbicidas |
| 9 (RLIN) | 53691 |
| 650 ## - PUNTO DE ACCESO ADICIONAL DE MATERIA--TÉRMINO DE MATERIA | |
| Término de materia o nombre geográfico como elemento de entrada | Malas hierbas |
| 9 (RLIN) | 69996 |
| 650 ## - PUNTO DE ACCESO ADICIONAL DE MATERIA--TÉRMINO DE MATERIA | |
| Término de materia o nombre geográfico como elemento de entrada | Malas hierbas |
| Subdivisión general | control |
| 9 (RLIN) | 70011 |
| 700 ## - PUNTO DE ACCESO ADICIONAL--NOMBRE DE PERSONA | |
| Nombre de persona | Ashton, Floyd M. |
| 9 (RLIN) | 7930 |
| 901 ## - ELEMENTOS DE DATOS A LOCAL LDA (RLIN) | |
| a | PA 632.954 K5Y |
| 902 ## - ELEMENTOS DE DATOS B LOCAL, LDB (RLIN) | |
| a | A |
| 905 ## - ELEMENTOS DE DATOS E LOCAL, LDE (RLIN) | |
| a | 0000001984 0000000000 00 |
| 910 ## - DATOS DE OPCIÓN DEL USUARIO (OCLC) | |
| Datos de opción del usuario | 1984 |
| 942 ## - ELEMENTOS DE PUNTO DE ACCESO ADICIONAL (KOHA) | |
| Tipo de ítem Koha | Parasitologia_ |
| 942 ## - ELEMENTOS DE PUNTO DE ACCESO ADICIONAL (KOHA) | |
| Tipo de ítem Koha | Parasitologia_ |
| -- | 1 |
| Estado de retiro | Estado de pérdida | Fuente del sistema de clasificación o colocación | Estado dañado | No para préstamo | Código de colección | Localización permanente | Ubicación/localización actual | Fecha de adquisición | Número de inventario | Total de préstamos | Signatura topográfica completa | Código de barras | Fecha visto por última vez | Fecha del último préstamo | Número de copia | Precio válido a partir de | Tipo de ítem Koha | Nota pública |
|---|---|---|---|---|---|---|---|---|---|---|---|---|---|---|---|---|---|---|
| Dewey Decimal Classification | General | Parasitologia Agricola | Parasitologia Agricola | 27/10/2005 | (PA_3859) (No. UACh C/E) | 1 | PA 632.954 K5y | 4102002992 | 23/10/2023 | 23/10/2023 | Ej.8 | 25/01/2022 | Libro | 3 | ||||
| Dewey Decimal Classification | General | Parasitologia Agricola | Parasitologia Agricola | 27/10/2005 | (PA_3853) (No. UACh C/E) | PA 632.954 K5y | 4102002986 | 25/01/2022 | Ej.2 | 25/01/2022 | Libro | 3 | ||||||
| Dewey Decimal Classification | General | Parasitologia Agricola | Parasitologia Agricola | 27/10/2005 | (PA_3852) (No. UACh C/E) | PA 632.954 K5y | 4102002985 | 25/01/2022 | Ej.1 | 25/01/2022 | Libro | 3 | ||||||
| Dewey Decimal Classification | General | Parasitologia Agricola | Parasitologia Agricola | 27/10/2005 | (PA_3854) (No. UACh C/E) | PA 632.954 K5y | 4102002987 | 25/01/2022 | Ej.3 | 25/01/2022 | Libro | 3 | ||||||
| Dewey Decimal Classification | General | Parasitologia Agricola | Parasitologia Agricola | 27/10/2005 | (PA_3855) (No. UACh C/E) | PA 632.954 K5y | 4102002988 | 25/01/2022 | Ej.4 | 25/01/2022 | Libro | 3 | ||||||
| Dewey Decimal Classification | General | Parasitologia Agricola | Parasitologia Agricola | 27/10/2005 | (PA_3856) (No. UACh C/E) | PA 632.954 K5y | 4102002989 | 25/01/2022 | Ej.5 | 25/01/2022 | Libro | 3 | ||||||
| Dewey Decimal Classification | General | Parasitologia Agricola | Parasitologia Agricola | 27/10/2005 | (PA_3857) (No. UACh C/E) | PA 632.954 K5y | 4102002990 | 25/01/2022 | Ej.6 | 25/01/2022 | Libro | 3 | ||||||
| Dewey Decimal Classification | General | Parasitologia Agricola | Parasitologia Agricola | 27/10/2005 | (PA_3858) (No. UACh C/E) | PA 632.954 K5y | 4102002991 | 25/01/2022 | Ej.7 | 25/01/2022 | Libro | 3 |
